[Event "Cappelle op 29th"]
[Site "Cappelle la Grande"]
[Date "2013.03.01"]
[Round "8"]
[White "Sobecki, Damien"]
[Black "Sepp, Olav"]
[Result "0-1"]
[WhiteElo "1951"]
[BlackElo "2453"]
[PlyCount "52"]
[EventDate "2013.02.23"]
[EventType "swiss"]
[EventRounds "9"]
[EventCountry "FRA"]
[SourceTitle "CBM 153 Extra"]
[Source "ChessBase"]
[SourceDate "2013.04.22"]
[SourceVersion "1"]
[SourceVersionDate "2013.04.22"]
[SourceQuality "1"]

1. e4 e5 2. Nf3 Nc6 3. d4 exd4 4. Bc4 Nf6 5. 0-0 Nxe4 6. Re1 d5 7. Bxd5 Qxd5 8. Nc3 Qh5 9. Nxe4 Be6 10. Neg5 0-0-0 11. Nxe6 fxe6 12. Bg5 Rd7 13. Rxe6 Bd6 14. Qd2 Rf8 15. Re4 Rxf3 16. Rh4 Qg6 17. gxf3 h6 18. Rg4 hxg5 19. h4 Ne5 20. Rg3 Qf5 21. Kg2 gxh4 22. Qg5 Qxc2 23. Qxh4 Ng6 24. Qg4 Bxg3 25. Kxg3 Ne5 26. Qe6 Qg6+ 0-1